000
00296nam a2200121Ia 4500
008
190216s9999||||xx |||||||||||||| ||und||
100
_a
Scaria P P
245
0
_a
Stoola Sambatika Sastram(Macro Economics)
260
_b
Vrindavan Pub
_c
1992
300
_a
215 pag
650
_a
Economics
942
_c
BK
999
_c
9865
_d
9865